Sudden Death - Nachbarländer des Kosovos - Statistiken

Allgemein
  • Dieses Quiz wurde 47 mal gespielt
  • Das Durchschnittsergebnis liegt bei 4 aus 6
Answers on the Grid
Answers color-coded by a green-red scale on the quiz's grid according to % correct below.
Kosovo🇽🇰
Kosovo🇽🇰
Serbien🇷🇸
Montenegro🇲🇪
Albanien🇦🇱
Nordmazedonien🇲🇰
Bulgarien🇧🇬
Bosnien🇧🇦
Griechenland🇬🇷
Kroatien🇭🇷
Rumänien🇷🇴
Türkei🇹🇷
Italien🇮🇹
Ungarn🇭🇺
Moldau🇲🇩
Ukraine🇺🇦
Slowenien🇸🇮
Russland🇷🇺
 
Antwortstatistiken
Antwort % Korrekt
Serbien🇷🇸
89%
Kosovo🇽🇰
78%
Kosovo🇽🇰
75%
Nordmazedonien🇲🇰
75%
Albanien🇦🇱
69%
Montenegro🇲🇪
61%
Keine übereinstimmenden Quizze gefunden
Verteilung der Resultate
Anzahl Personen mit jedem Resultat
Perzentil nach korrekt beantworteten Fragen
Ihre Resultats-Entwicklung
Sie haben dieses Quiz noch nicht gespielt